[Event "16th Africa-ch"]
[Site "Lilongwe MAW"]
[Date "2021.05.18"]
[Round "1.3"]
[White "Bellahcene, Bilel"]
[Black "Nyambalo, Joseph Xavier"]
[Result "1-0"]
[WhiteElo "2508"]
[BlackElo "2032"]
[EventDate "2021.05.18"]
[PlyCount "63"]

1.d4 Nf6 2.Nf3 g6 3.c4 Bg7 4.Nc3 d6 5.h3 Nbd7 6.e4 e5 7.d5 Nc5 8.Qc2 a5 9.
g4 h5 10.g5 Ng8 11.Be3 b6 12.Be2 Bd7 13.b3 Ne7 14.Kf1 Qc8 15.Kg2 Qd8 16.
Kh2 Qb8 17.Rhg1 c6 18.Nd2 Qc8 19.a3 cxd5 20.cxd5 O-O 21.Nc4 Qb8 22.b4 axb4
23.axb4 Na6 24.Nxb6 Nxb4 25.Qb3 Rxa1 26.Rxa1 Nbxd5 27.Ncxd5 Nxd5 28.Qxd5 
Be6 29.Qc6 Qd8 30.Rd1 Qe7 31.Rxd6 Qa7 32.Nd7 1-0

[Event "16th Africa-ch"]
[Site "Lilongwe MAW"]
[Date "2021.05.18"]
[Round "1.6"]
[White "Abrantes, Persson"]
[Black "Bwalya, Gillan"]
[Result "0-1"]
[WhiteElo "2018"]
[BlackElo "2405"]
[EventDate "2021.05.18"]
[PlyCount "111"]

1.e4 c5 2.Nc3 e6 3.g3 Nc6 4.Bg2 g6 5.d3 Bg7 6.Nf3 Nge7 7.Be3 Nd4 8.O-O O-O
9.Qd2 Nec6 10.Ne1 Re8 11.Nd1 d6 12.c3 Nb5 13.f4 Nc7 14.g4 f5 15.h3 Bd7 16.
Nf3 b5 17.Ng5 h6 18.Nf3 Rb8 19.Qf2 fxe4 20.dxe4 Rf8 21.Nh4 g5 22.Ng6 Rf6 
23.f5 Be8 24.e5 dxe5 25.h4 Rxg6 26.fxg6 Nd5 27.hxg5 hxg5 28.Bxd5 exd5 29.
Qf5 Qd6 30.Nf2 Ne7 31.Qxg5 Nxg6 32.Nd3 d4 33.cxd4 cxd4 34.Bd2 Bc6 35.Nb4 
Bb7 36.Rf2 a5 37.Nd3 Be4 38.Ne1 b4 39.Ng2 Bxg2 40.Kxg2 Qc6+ 41.Kg1 e4 42.
Raf1 Ne5 43.Rf6 Qb5 44.R6f5 e3 45.Be1 e2 46.R1f2 d3 47.Qh5 Qe8 48.Qg5 Qe6 
49.Rh2 Qb6+ 50.Rhf2 Qd4 51.Rf4 d2 52.Bxd2 Qxd2 53.Rf8+ Rxf8 54.Qxd2 Rxf2 
55.Kxf2 e1=Q+ 56.Kxe1 0-1

[Event "16th Africa-ch"]
[Site "Lilongwe MAW"]
[Date "2021.05.18"]
[Round "1.7"]
[White "Hesham, Abdelrahman"]
[Black "Ndegwa, Jackson Kamau"]
[Result "1-0"]
[WhiteElo "2400"]
[BlackElo "2001"]
[EventDate "2021.05.18"]
[PlyCount "39"]

1.d4 d5 2.c4 e6 3.Nc3 Nf6 4.Bg5 Be7 5.e3 c6 6.Nf3 Qa5 7.cxd5 exd5 8.Bd3 
Bg4 9.Qb3 Nbd7 10.Ne5 Nxe5 11.dxe5 Nd7 12.Bxe7 Kxe7 13.Qxb7 Rab8 14.Qxc6 
Nxe5 15.Qxd5 Qxd5 16.Nxd5+ Kd6 17.Nf4 g5 18.Be2 Bxe2 19.Nxe2 Rxb2 20.
O-O-O+ 1-0

[Event "16th Africa-ch"]
[Site "Lilongwe MAW"]
[Date "2021.05.18"]
[Round "1.9"]
[White "Ajibola, Olanrewaju"]
[Black "Njoroge, Martin"]
[Result "1-0"]
[WhiteElo "2337"]
[BlackElo "1965"]
[EventDate "2021.05.18"]
[PlyCount "55"]

1.d4 Nf6 2.Nf3 d5 3.e3 c5 4.c3 Nc6 5.dxc5 e5 6.b4 Bg4 7.h3 Bh5 8.g4 Bg6 9.
Bb5 e4 10.Nd4 Qc7 11.Qa4 Rc8 12.Qxa7 Be7 13.Bxc6+ bxc6 14.Qxc7 Rxc7 15.Nd2
Kd7 16.c4 Rb8 17.b5 Bxc5 18.Nxc6 Ra8 19.a4 dxc4 20.Nxc4 Nd5 21.Bd2 f6 22.
O-O Ke6 23.Ba5 Rcc8 24.Rfd1 Be8 25.Nd4+ Kf7 26.Nf5 Ke6 27.Nxg7+ Kf7 28.
Nxe8 1-0

[Event "16th Africa-ch"]
[Site "Lilongwe MAW"]
[Date "2021.05.18"]
[Round "1.10"]
[White "Chimkute, Ronald"]
[Black "Kawuma, Patrick"]
[Result "0-1"]
[WhiteElo "1955"]
[BlackElo "2323"]
[EventDate "2021.05.18"]
[PlyCount "80"]

1.d4 d5 2.c4 e6 3.Nc3 Be7 4.Nf3 Nf6 5.Bg5 h6 6.Bh4 Nbd7 7.e3 O-O 8.Bd3 b6 
9.O-O c5 10.Rc1 Bb7 11.Nb5 dxc4 12.Bxc4 a6 13.Nc3 b5 14.Be2 Qb6 15.dxc5 
Bxc5 16.Qb3 Rac8 17.Rfd1 Rfe8 18.Bg3 Bf8 19.h3 Nc5 20.Qc2 Nce4 21.Be5 b4 
22.Bd4 Qc7 23.Nxe4 Qxc2 24.Nxf6+ gxf6 25.Rxc2 Rxc2 26.Bd3 Rc7 27.Bxf6 Bg7 
28.Bxg7 Kxg7 29.Kf1 Rd8 30.Ke2 Kf6 31.Ne1 a5 32.e4 a4 33.Ke3 Rdc8 34.Rd2 
b3 35.a3 Rc1 36.Re2 Rd1 37.Bb5 Rc5 38.Bd3 Rcc1 39.Nf3 Rxd3+ 40.Kxd3 Ba6+ 
0-1

[Event "16th Africa-ch"]
[Site "Lilongwe MAW"]
[Date "2021.05.18"]
[Round "1.11"]
[White "Barrish, Daniel"]
[Black "Ikhimiukor, Ehidiamen"]
[Result "1-0"]
[WhiteElo "2306"]
[BlackElo "1946"]
[EventDate "2021.05.18"]
[PlyCount "26"]

1.d4 Nf6 2.c4 c5 3.d5 e6 4.Nc3 exd5 5.cxd5 d6 6.Nf3 Nbd7 7.h3 a6 8.a4 g6 
9.Bf4 Qe7 10.e3 Bg7 11.Be2 O-O 12.O-O Re8 13.Nd2 Rf8 1-0

[Event "16th Africa-ch"]
[Site "Lilongwe MAW"]
[Date "2021.05.18"]
[Round "1.12"]
[White "Mwagomba, Fishan"]
[Black "Silva, David"]
[Result "0-1"]
[WhiteElo "1946"]
[BlackElo "2296"]
[EventDate "2021.05.18"]
[PlyCount "73"]

1.e4 c5 2.d3 Nc6 3.Nf3 g6 4.g3 Bg7 5.Bg2 d6 6.O-O e5 7.Nbd2 Nge7 8.c3 h6 
9.Re1 O-O 10.Nf1 Be6 11.Be3 f5 12.Qd2 Kh7 13.Qc2 Rc8 14.Rad1 Qd7 15.Qb1 f4
16.Bc1 g5 17.gxf4 exf4 18.d4 cxd4 19.Nxd4 Ne5 20.f3 N7g6 21.Nxe6 Qxe6 22.
Qc2 g4 23.Qf2 gxf3 24.Bxf3 Nh4 25.Bh5 Qh3 26.Re2 Ng4 27.Bxg4 Qxg4+ 28.Kh1 
f3 29.Red2 Be5 30.Ng3 Rf6 31.Rg1 Rg8 32.Rdd1 Ng2 33.Rd5 Bxg3 34.Qxg3 Qxe4 
35.Rd4 Qe2 36.Rg4 f2 37.Qxg2 0-1

[Event "16th Africa-ch"]
[Site "Lilongwe MAW"]
[Date "2021.05.18"]
[Round "1.13"]
[White "Mwali, Chitumbo"]
[Black "Mwangupili, Francisco"]
[Result "1-0"]
[WhiteElo "2285"]
[BlackElo "1897"]
[EventDate "2021.05.18"]
[PlyCount "54"]

1.c4 c6 2.g3 g6 3.Bg2 Bg7 4.Nc3 Nf6 5.e4 d6 6.Nge2 Be6 7.d3 d5 8.exd5 cxd5
9.Nf4 Bc8 10.Nfxd5 O-O 11.O-O Nc6 12.Re1 e6 13.Nxf6+ Bxf6 14.Bh6 Re8 15.
Rb1 Nb4 16.Qa4 a5 17.Nd5 Be7 18.Nxe7+ Qxe7 19.d4 Bd7 20.Qb3 Qf6 21.Bf4 Bc6
22.d5 exd5 23.cxd5 Bd7 24.a3 g5 25.Be3 Na6 26.Qxb7 Bf5 27.Rbc1 Qxb2 1-0

[Event "16th Africa-ch"]
[Site "Lilongwe MAW"]
[Date "2021.05.18"]
[Round "1.14"]
[White "Chiwambo, Stansford"]
[Black "Beukes, Dante"]
[Result "0-1"]
[WhiteElo "1888"]
[BlackElo "2284"]
[EventDate "2021.05.18"]
[PlyCount "74"]

1.c4 Nf6 2.d4 g6 3.Nc3 Bg7 4.e4 d6 5.Nf3 O-O 6.Be2 e5 7.d5 a5 8.O-O Na6 9.
Be3 Ng4 10.Bd2 f5 11.h3 Nf6 12.exf5 gxf5 13.Bg5 Qe8 14.Qd2 Nc5 15.Bxf6 
Bxf6 16.Nh2 a4 17.Rae1 Qg6 18.Kh1 Bd7 19.Rg1 Kh8 20.Ref1 Bg5 21.Qd1 Qh6 
22.Bf3 e4 23.Be2 Bf4 24.Nb5 Bxb5 25.cxb5 Be5 26.Qc2 Qg7 27.Rb1 Bd4 28.Bc4 
Nd7 29.b3 axb3 30.axb3 Ra3 31.Rgf1 Rg8 32.f4 Rga8 33.b4 Rc3 34.Qe2 Rg8 35.
Rbc1 Rg3 36.Rc2 Rxh3 37.Rf2 Qg3 0-1

[Event "16th Africa-ch"]
[Site "Lilongwe MAW"]
[Date "2021.05.18"]
[Round "1.15"]
[White "Abdulraheem, Abdulrahman Akintoye"]
[Black "Adorwa, Brian Kadenge"]
[Result "1-0"]
[WhiteElo "2264"]
[BlackElo "1867"]
[EventDate "2021.05.18"]
[PlyCount "65"]

1.e4 e5 2.Nf3 Nc6 3.Bb5 a6 4.Ba4 Nf6 5.d3 b5 6.Bb3 Be7 7.O-O d6 8.a4 Bg4 
9.Nbd2 Nd4 10.Ba2 b4 11.c3 Nxf3+ 12.Nxf3 a5 13.cxb4 axb4 14.Qb3 O-O 15.Ng5
Bh5 16.f4 h6 17.Nf3 Bxf3 18.Rxf3 c5 19.Bd2 Qb6 20.Kh1 Kh7 21.Qd1 Qc6 22.
Bc4 Rad8 23.Qe2 Nd7 24.Bd5 Qc7 25.Raf1 Nf6 26.Bc4 Nd7 27.Rg3 Bf6 28.f5 Nb6
29.Bb3 Ra8 30.Qh5 c4 31.dxc4 Rh8 32.c5 Nd7 33.Qg6+ 1-0

[Event "16th Africa-ch"]
[Site "Lilongwe MAW"]
[Date "2021.05.18"]
[Round "1.16"]
[White "Oyama, Ekok"]
[Black "Mulenga, Prince Daniel"]
[Result "0-1"]
[WhiteElo "1845"]
[BlackElo "2246"]
[EventDate "2021.05.18"]
[PlyCount "72"]

1.c4 c5 2.Nc3 Nc6 3.e3 Nf6 4.d4 cxd4 5.exd4 d5 6.cxd5 Nxd5 7.Nf3 g6 8.Bc4 
Nxc3 9.bxc3 Bg7 10.O-O O-O 11.h3 b6 12.Re1 Na5 13.Bd3 Bb7 14.Ba3 Re8 15.
Qe2 e6 16.Ne5 Qc7 17.Rac1 Red8 18.f4 Nc6 19.Qg4 Re8 20.h4 h5 21.Qg3 Nxe5 
22.fxe5 Bc6 23.Bd6 Qb7 24.c4 Red8 25.c5 bxc5 26.dxc5 Qb2 27.Rc2 Qd4+ 28.
Kh2 Bd5 29.Rf2 Rd7 30.Rf4 Qc3 31.Rxf7 Rxf7 32.Qxg6 Rf5 33.Bxf5 exf5 34.e6 
Qf6 35.Qxf6 Bxf6 36.e7 Kf7 0-1

[Event "16th Africa-ch"]
[Site "Lilongwe MAW"]
[Date "2021.05.18"]
[Round "1.18"]
[White "Ofubu, Samson"]
[Black "Talbi, Chafik"]
[Result "0-1"]
[WhiteElo "1814"]
[BlackElo "2244"]
[EventDate "2021.05.18"]
[PlyCount "60"]

1.d4 Nf6 2.Nf3 d5 3.Bf4 c5 4.c3 Nc6 5.h3 Qb6 6.Qb3 c4 7.Qxb6 axb6 8.Nbd2 
b5 9.g4 b4 10.Bg2 b3 11.a3 b5 12.O-O Bb7 13.Rfe1 e6 14.Ne5 Nxe5 15.Bxe5 
Ne4 16.Nxe4 dxe4 17.f3 f6 18.Bg3 exf3 19.Bxf3 Bxf3 20.exf3 Kd7 21.Rad1 
Bxa3 22.bxa3 Rxa3 23.d5 e5 24.f4 exf4 25.Bxf4 Re8 26.Rxe8 Kxe8 27.Rb1 Ra2 
28.Be3 Rc2 29.Rc1 Rxc3 30.Rxc3 b2 0-1

[Event "16th Africa-ch"]
[Site "Lilongwe MAW"]
[Date "2021.05.18"]
[Round "1.20"]
[White "Kaundum, A. Robert Diatta"]
[Black "Nassr, Ali"]
[Result "0-1"]
[WhiteElo "1785"]
[BlackElo "2232"]
[EventDate "2021.05.18"]
[PlyCount "60"]

1.d4 d5 2.e3 Nf6 3.Bd3 c5 4.c3 Nc6 5.f4 Bg4 6.Nf3 e6 7.Nbd2 Bd6 8.O-O O-O 
9.Qe1 cxd4 10.cxd4 Nb4 11.Bb1 Bf5 12.a3 Nc2 13.Bxc2 Bxc2 14.Ne5 Rc8 15.
Ndf3 Ne4 16.Nd2 f6 17.Nef3 Bd3 18.Nxe4 dxe4 19.Nd2 Bxf1 20.Qxf1 f5 21.Nc4 
Bb8 22.Bd2 Bxf4 23.Qxf4 Rxc4 24.Bb4 Re8 25.Bd6 Qc8 26.b4 Rc1+ 27.Rxc1 
Qxc1+ 28.Kf2 Rc8 29.Qg5 Qd2+ 30.Kg3 Rc3 0-1

[Event "16th Africa-ch"]
[Site "Lilongwe MAW"]
[Date "2021.05.18"]
[Round "1.21"]
[White "Paiva, Donaldo"]
[Black "Wane, Al Hassane"]
[Result "1-0"]
[WhiteElo "2230"]
[BlackElo "1783"]
[EventDate "2021.05.18"]
[PlyCount "51"]

1.d4 d5 2.c4 e6 3.Nf3 Nf6 4.Nc3 Nbd7 5.Bg5 Bb4 6.e3 O-O 7.Rc1 c6 8.a3 
Bxc3+ 9.Rxc3 Qb6 10.c5 Qc7 11.Bf4 Qd8 12.Bd3 Ne4 13.Bxe4 dxe4 14.Nd2 Nf6 
15.Bg5 h6 16.Bxf6 Qxf6 17.Nxe4 Qg6 18.Ng3 f5 19.f4 Bd7 20.O-O Rab8 21.Qa4 
a6 22.Ne2 Qg4 23.Nc1 Rf6 24.Qc2 h5 25.Nd3 Re8 26.Ne5 1-0

[Event "16th Africa-ch"]
[Site "Lilongwe MAW"]
[Date "2021.05.18"]
[Round "1.22"]
[White "Gwezere, Cecil"]
[Black "Calicoca, Wilton Inacio"]
[Result "0-1"]
[WhiteElo "1624"]
[BlackElo "2122"]
[EventDate "2021.05.18"]
[PlyCount "60"]

1.d4 Nf6 2.c4 g6 3.Nf3 Bg7 4.Nc3 O-O 5.Bf4 d6 6.e3 h6 7.h3 Na6 8.Rc1 c5 9.
Bd3 cxd4 10.exd4 Nd7 11.O-O e5 12.Be3 f5 13.c5 f4 14.Bxa6 bxa6 15.dxe5 Kh7
16.Qd5 Rb8 17.Bd4 dxc5 18.Bxc5 Bb7 19.Qc4 Bxf3 20.gxf3 Nxe5 21.Qe2 Qg5+ 
22.Kh1 Qh4 23.Kg2 Rf5 24.Ne4 Rxb2 25.Qd1 Qh5 26.Bd4 Rg5+ 27.Nxg5+ Qxg5+ 
28.Kh2 Qg3+ 29.Kh1 Qxh3+ 30.Kg1 Nxf3+ 0-1

[Event "16th Africa-ch"]
[Site "Lilongwe MAW"]
[Date "2021.05.18"]
[Round "1.23"]
[White "Methu, Joseph Muragu"]
[Black "Sihlongonyane, Sikhanyiso"]
[Result "1-0"]
[WhiteElo "2119"]
[BlackElo "1619"]
[EventDate "2021.05.18"]
[PlyCount "78"]

1.d4 Nf6 2.c4 e6 3.Nc3 d5 4.cxd5 exd5 5.Bg5 Nbd7 6.e3 Be7 7.Bd3 O-O 8.Nge2
c6 9.O-O Ne4 10.Bf4 f5 11.Qc2 Ndf6 12.f3 Nxc3 13.bxc3 g6 14.c4 Be6 15.c5 
Bd7 16.Nc1 b6 17.Nb3 b5 18.a4 a6 19.axb5 axb5 20.Rxa8 Qxa8 21.Ra1 Qb7 22.
Qa2 Bd8 23.Qa7 Qxa7 24.Rxa7 Rf7 25.Be5 Kg7 26.Ra8 Rf8 27.Na1 Kf7 28.Nc2 
Be7 29.Ra7 Ke6 30.Ra6 Kf7 31.Nb4 Rc8 32.Bc2 Ke6 33.Nd3 g5 34.Bb3 h5 35.h4 
gxh4 36.Nf4+ Kf7 37.Ra7 Rd8 38.Kh2 Be8 39.Bc7 Bd7 1-0

[Event "16th Africa-ch"]
[Site "Lilongwe MAW"]
[Date "2021.05.19"]
[Round "2.8"]
[White "Calicoca, Wilton Inacio"]
[Black "Kayonde, Andrew"]
[Result "0-1"]
[WhiteElo "2122"]
[BlackElo "2399"]
[EventDate "2021.05.18"]
[PlyCount "49"]

1.e4 c6 2.Nf3 d5 3.Nc3 Nf6 4.Bd3 dxe4 5.Nxe4 Nxe4 6.Bxe4 Nd7 7.d4 Nf6 8.
Bd3 Bg4 9.Be3 e6 10.h3 Bh5 11.Qe2 Qa5+ 12.c3 Bd6 13.O-O Nd5 14.c4 Nxe3 15.
fxe3 Bg3 16.Qc2 g5 17.b4 Qd8 18.Nd2 f5 19.b5 O-O 20.bxc6 bxc6 21.Rfb1 c5 
22.Nf1 Bd6 23.Be2 g4 24.hxg4 Bxg4 25.Bxg4 0-1

[Event "16th Africa-ch"]
[Site "Lilongwe MAW"]
[Date "2021.05.19"]
[Round "2.9"]
[White "Mhango, Banele"]
[Black "Ajibola, Olanrewaju"]
[Result "1/2-1/2"]
[WhiteElo "2117"]
[BlackElo "2337"]
[EventDate "2021.05.18"]
[PlyCount "59"]

1.Nf3 d5 2.g3 c6 3.Bg2 Bg4 4.Ne5 Bh5 5.d4 f6 6.Nd3 Nd7 7.Nf4 Bf7 8.e4 e5 
9.dxe5 fxe5 10.Nd3 Ngf6 11.Nd2 Bh5 12.Bf3 Bxf3 13.Qxf3 Bd6 14.O-O O-O 15.
Qe2 Qe8 16.f3 Qh5 17.Nf2 Bc5 18.Kg2 Rf7 19.Nd3 Bb6 20.a4 Raf8 21.a5 Bc7 
22.Ra4 b5 23.axb6 Bxb6 24.b3 Bd4 25.Nf4 exf4 26.Rxd4 Qg6 27.exd5 Nxd5 28.
Nc4 Re7 29.Qd3 Qxd3 30.Rxd3 1/2-1/2

[Event "16th Africa-ch"]
[Site "Lilongwe MAW"]
[Date "2021.05.19"]
[Round "2.10"]
[White "Kawuma, Patrick"]
[Black "Methu, Joseph Muragu"]
[Result "1-0"]
[WhiteElo "2323"]
[BlackElo "2119"]
[EventDate "2021.05.18"]
[PlyCount "77"]

1.d4 Nf6 2.c4 g6 3.g3 Bg7 4.Bg2 d6 5.Nf3 O-O 6.O-O Nc6 7.Nc3 a6 8.b3 Rb8 
9.d5 Na5 10.Bd2 c5 11.dxc6 Nxc6 12.Rc1 Bf5 13.Re1 Ne4 14.Nh4 Nxc3 15.Bxc3 
Bd7 16.Bxg7 Kxg7 17.c5 dxc5 18.Rxc5 Qb6 19.Qc1 Kg8 20.Nf3 Kg7 21.h4 Bg4 
22.Nh2 Bd7 23.h5 Qb4 24.Rc4 Qa5 25.Rh4 g5 26.h6+ Kh8 27.Rc4 f6 28.Nf3 Rg8 
29.Rc5 Qb4 30.Nxg5 Rg6 31.a3 Qb6 32.Rd1 Be8 33.Be4 Qxb3 34.Bxg6 hxg6 35.
Nf3 Qa4 36.Rc4 Qa5 37.Qf4 Ra8 38.Qe3 Qb5 39.Rxc6 1-0

[Event "16th Africa-ch"]
[Site "Lilongwe MAW"]
[Date "2021.05.19"]
[Round "2.11"]
[White "Mphungu, Gerrard"]
[Black "Barrish, Daniel"]
[Result "0-1"]
[WhiteElo "2096"]
[BlackElo "2306"]
[EventDate "2021.05.18"]
[PlyCount "74"]

1.d4 Nf6 2.c4 e6 3.Nf3 d5 4.Nc3 Bb4 5.Qa4+ Nc6 6.Bg5 h6 7.Bxf6 Qxf6 8.e3 
O-O 9.Be2 Bd7 10.Qc2 dxc4 11.Bxc4 e5 12.a3 exd4 13.axb4 Nxb4 14.Qb3 dxc3 
15.Qxb4 cxb2 16.Rb1 b5 17.Be2 a5 18.Qxb2 Qxb2 19.Rxb2 a4 20.O-O a3 21.Rb3 
Rfb8 22.Ra1 b4 23.Bc4 Ba4 24.Rd3 Bc2 25.Rd7 b3 26.Bxf7+ Kh8 27.Bxb3 Rxb3 
28.Nd2 Rb7 29.f3 a2 30.Kf2 Bf5 31.Rd5 Rb1 32.Nxb1 axb1=Q 33.Rxb1 Bxb1 34.
Rb5 Bd3 35.Rd5 Ra2+ 36.Kg1 Bg6 37.Rc5 Rc2 0-1

[Event "16th Africa-ch"]
[Site "Lilongwe MAW"]
[Date "2021.05.19"]
[Round "2.12"]
[White "Silva, David"]
[Black "Okeke, Issac"]
[Result "0-1"]
[WhiteElo "2296"]
[BlackElo "2097"]
[EventDate "2021.05.18"]
[PlyCount "66"]

1.e4 c5 2.Nf3 d6 3.d4 cxd4 4.Nxd4 Nf6 5.Nc3 a6 6.Be2 e5 7.Nb3 Be7 8.O-O 
Be6 9.f4 Nc6 10.f5 Bxb3 11.axb3 O-O 12.Be3 Rc8 13.Bf3 h6 14.Kh1 Nb8 15.g4 
Nbd7 16.Rg1 Nh7 17.Nd5 Bg5 18.Bf2 Nhf6 19.Nc3 Ne8 20.Qe1 b5 21.h4 Bf4 22.
Qd1 Qc7 23.Rxa6 b4 24.Ra7 Qc6 25.Ne2 Nef6 26.Nxf4 exf4 27.Bd4 Nxe4 28.g5 
d5 29.f6 Ng3+ 30.Rxg3 fxg3 31.c3 Qe6 32.Kg2 gxf6 33.gxh6 Nb6 0-1

[Event "16th Africa-ch"]
[Site "Lilongwe MAW"]
[Date "2021.05.19"]
[Round "2.13"]
[White "Masango, Spencer"]
[Black "Mwali, Chitumbo"]
[Result "0-1"]
[WhiteElo "2071"]
[BlackElo "2285"]
[EventDate "2021.05.18"]
[PlyCount "40"]

1.e4 e5 2.Nf3 Nc6 3.Nc3 Nf6 4.Bb5 d6 5.d4 exd4 6.Nxd4 Bd7 7.Bxc6 bxc6 8.
O-O Be7 9.b3 O-O 10.Bb2 Re8 11.f4 Bf8 12.Qd3 g6 13.Rae1 Bg7 14.e5 dxe5 15.
fxe5 Ng4 16.Qc4 Nxe5 17.Rxe5 Bxe5 18.Rxf7 Bxd4+ 19.Qxd4 Kxf7 20.Na4 Rg8 
0-1

[Event "16th Africa-ch"]
[Site "Lilongwe MAW"]
[Date "2021.05.19"]
[Round "2.15"]
[White "Fawzy, Adham"]
[Black "Apemiye, Austin"]
[Result "1-0"]
[WhiteElo "2473"]
[BlackElo "2076"]
[EventDate "2021.05.18"]
[PlyCount "83"]

1.e4 e6 2.d4 d5 3.Nc3 dxe4 4.Nxe4 Nf6 5.Bg5 Be7 6.Bxf6 Bxf6 7.Nf3 O-O 8.c3
b6 9.Bd3 Bb7 10.Qe2 Nd7 11.O-O-O Qe7 12.g4 g6 13.h4 Bg7 14.h5 f5 15.gxf5 
gxf5 16.Ned2 c5 17.Bc4 Rae8 18.Rhe1 Rf6 19.d5 Nf8 20.Ng5 a6 21.a4 b5 22.
axb5 axb5 23.Bxb5 Ra8 24.Nb3 Bh6 25.f4 Qd6 26.Qe5 Qxe5 27.Rxe5 Bxd5 28.c4 
Rb8 29.Nxc5 Rc8 30.b4 Bf3 31.Nxf3 Bxf4+ 32.Kc2 Bxe5 33.Nxe5 f4 34.Rg1+ Kh8
35.Ne4 Rf5 36.Nd6 Rc7 37.Nxf5 exf5 38.c5 Ne6 39.Bc4 h6 40.Bxe6 f3 41.Rg8+ 
Kh7 42.Ng6 1-0

[Event "16th Africa-ch"]
[Site "Lilongwe MAW"]
[Date "2021.05.19"]
[Round "2.16"]
[White "Chimthere, Alfred Charles"]
[Black "Oyama, Ekok"]
[Result "1-0"]
[WhiteElo "2057"]
[BlackElo "1845"]
[EventDate "2021.05.18"]
[PlyCount "61"]

1.d4 Nf6 2.c4 e6 3.Nf3 b6 4.e3 Bb7 5.Bd3 Be7 6.O-O O-O 7.Nc3 d5 8.Qe2 c5 
9.Rd1 Re8 10.b3 Nbd7 11.Bb2 h6 12.Rac1 Bf8 13.Ne5 Qb8 14.f4 Bd6 15.Nb5 Bf8
16.Nc3 a6 17.Bb1 Qd8 18.Qd3 cxd4 19.exd4 Ne4 20.Qh3 f5 21.Nxe4 fxe4 22.
cxd5 Nxe5 23.dxe5 exd5 24.Bxe4 Qe7 25.Bxd5+ Bxd5 26.Rxd5 Qb4 27.Rf1 Qe4 
28.Qd3 Qb4 29.f5 Qg4 30.h3 Qg5 31.f6 1-0

[Event "16th Africa-ch"]
[Site "Lilongwe MAW"]
[Date "2021.05.19"]
[Round "2.17"]
[White "Adorwa, Brian Kadenge"]
[Black "Chipanga, Chiletso"]
[Result "1-0"]
[WhiteElo "1867"]
[BlackElo "2043"]
[EventDate "2021.05.18"]
[PlyCount "72"]

1.Nf3 d5 2.c4 d4 3.b3 b6 4.g3 Bb7 5.Bg2 e5 6.O-O Nd7 7.e3 dxe3 8.fxe3 Ngf6
9.d4 e4 10.Nfd2 Bb4 11.Qc2 Qe7 12.a3 Bxd2 13.Bxd2 O-O 14.Nc3 a5 15.b4 Rfe8
16.Rab1 axb4 17.axb4 Ba6 18.Rf4 g5 19.Rf5 h6 20.b5 Bc8 21.Rbf1 Bb7 22.d5 
Bc8 23.Ne2 Rf8 24.Nd4 Qd6 25.Nc6 Ng4 26.Qxe4 Ndf6 27.Ne7+ Qxe7 28.Qxe7 
Bxf5 29.Rxf5 Rfe8 30.Qxc7 Ra2 31.Bc1 Rc2 32.Rf1 Ra8 33.d6 Ra1 34.d7 Raxc1 
35.d8=Q+ Kg7 36.Qxf6+ Nxf6 1-0

[Event "16th Africa-ch"]
[Site "Lilongwe MAW"]
[Date "2021.05.19"]
[Round "2.18"]
[White "Nyambalo, Joseph Xavier"]
[Black "Ofubu, Samson"]
[Result "1/2-1/2"]
[WhiteElo "2032"]
[BlackElo "1814"]
[EventDate "2021.05.18"]
[PlyCount "38"]

1.c4 f5 2.g3 e6 3.Nc3 c6 4.Bg2 d5 5.cxd5 cxd5 6.Nf3 Nc6 7.d4 Bd6 8.O-O Nf6
9.a3 h6 10.b4 Ne4 11.Bb2 a6 12.Ne1 Qg5 13.Qd3 O-O 14.e3 h5 15.Ne2 Bd7 16.
Nf4 Ne7 17.h4 Qh6 18.Qd1 Nf6 19.Nf3 Ne4 1/2-1/2

[Event "16th Africa-ch"]
[Site "Lilongwe MAW"]
[Date "2021.05.19"]
[Round "2.19"]
[White "Saah, Thomas"]
[Black "Magana, Ben"]
[Result "1-0"]
[WhiteElo "1830"]
[BlackElo "2031"]
[EventDate "2021.05.18"]
[PlyCount "127"]

1.e4 e5 2.Nf3 Nc6 3.Bc4 Nf6 4.O-O Be7 5.Re1 O-O 6.c3 Nxe4 7.d3 Nf6 8.Nxe5 
Nxe5 9.Rxe5 d6 10.Re1 d5 11.Bb3 Bg4 12.f3 Bf5 13.d4 Re8 14.Bg5 c6 15.Nd2 
h6 16.Bh4 Nh7 17.Bg3 Bg5 18.f4 Be7 19.Re5 Qd7 20.Nf1 Bd6 21.Re3 Nf6 22.h3 
Bg6 23.Bh2 Qc7 24.Qf3 Re4 25.Rxe4 Bxe4 26.Qf2 Nh5 27.g3 Re8 28.Re1 Re6 29.
Nd2 Nxf4 30.gxf4 Rg6+ 31.Kf1 Bd3+ 32.Re2 Qd7 33.Qf3 Qf5 34.Kf2 Bxe2 35.
Kxe2 Rf6 36.Bd1 Bxf4 37.Qxf4 Qxf4 38.Bxf4 Rxf4 39.Ke3 g5 40.c4 Kf8 41.cxd5
cxd5 42.Bf3 Rh4 43.Bg2 Ke7 44.Nb1 f5 45.Nc3 g4 46.Nxd5+ Kd6 47.Nf4 b6 48.
Ng6 Rh5 49.h4 f4+ 50.Kxf4 Rb5 51.Ne5 Rb4 52.Ke3 Ke6 53.b3 Rb5 54.Bf1 Ra5 
55.a4 g3 56.Kf4 b5 57.axb5 g2 58.Bxg2 Rxb5 59.Bf1 Ra5 60.Bc4+ Kd6 61.Nf7+ 
Ke7 62.Nxh6 Rh5 63.Nf5+ Kf6 64.Bd3 1-0

[Event "16th Africa-ch"]
[Site "Lilongwe MAW"]
[Date "2021.05.19"]
[Round "2.20"]
[White "Okonkwo, Ifeanyi"]
[Black "Mwale, Joseph"]
[Result "0-1"]
[WhiteElo "2029"]
[BlackElo "2148"]
[EventDate "2021.05.18"]
[PlyCount "46"]

1.e4 e5 2.Nf3 Nc6 3.Bb5 a6 4.Ba4 Nf6 5.O-O b5 6.Bb3 Bc5 7.Nxe5 Nxe5 8.d4 
Bxd4 9.Qxd4 d6 10.Bd5 c6 11.f4 cxd5 12.fxe5 Nxe4 13.Nc3 Nxc3 14.bxc3 O-O 
15.Qxd5 Qb6+ 16.Qd4 Qxd4+ 17.cxd4 dxe5 18.dxe5 Be6 19.a3 Rac8 20.Rd1 h6 
21.Rd2 Rc5 22.Rd6 Rd5 23.Rxd5 Bxd5 0-1

[Event "16th Africa-ch"]
[Site "Lilongwe MAW"]
[Date "2021.05.19"]
[Round "2.21"]
[White "Wane, Al Hassane"]
[Black "Abrantes, Persson"]
[Result "0-1"]
[WhiteElo "1783"]
[BlackElo "2018"]
[EventDate "2021.05.18"]
[PlyCount "108"]

1.d4 Nf6 2.c4 c6 3.Nc3 d5 4.Nf3 g6 5.e3 Bg7 6.Bd3 O-O 7.O-O dxc4 8.Bxc4 
Bg4 9.h3 Bf5 10.Re1 b5 11.Bd3 b4 12.Bxf5 gxf5 13.Na4 Ne4 14.Qb3 a5 15.Rd1 
e6 16.Nc5 Nd7 17.Nxe4 fxe4 18.Nd2 Nf6 19.a3 Rb8 20.Qa4 Rb5 21.axb4 axb4 
22.Qc2 Qd5 23.Ra6 Rc8 24.b3 Qh5 25.Nf1 Rg5 26.Ng3 Qg6 27.Rxc6 Rxc6 28.Qxc6
h5 29.h4 Rg4 30.Qb5 Nd5 31.Bd2 Bf8 32.Ra1 Rxh4 33.Ra8 Rg4 34.Bxb4 Nxb4 35.
Qxb4 Qg7 36.Qxf8+ Qxf8 37.Rxf8+ Kxf8 38.Nxh5 Ke7 39.Nf4 Rg5 40.Ne2 Ra5 41.
Nc3 f5 42.Na4 Rb5 43.Nc5 e5 44.Kf1 exd4 45.exd4 Rb4 46.Ke2 Rxd4 47.Ke3 Rd1
48.Kf4 Rd2 49.Kxf5 Rd5+ 50.Kxe4 Rxc5 51.f4 Rb5 52.g4 Kf6 53.g5+ Kg6 54.Kf3
Kf5 0-1

[Event "16th Africa-ch"]
[Site "Lilongwe MAW"]
[Date "2021.05.19"]
[Round "2.22"]
[White "Ndegwa, Jackson Kamau"]
[Black "Kaundum, A. Robert Diatta"]
[Result "1-0"]
[WhiteElo "2001"]
[BlackElo "1785"]
[EventDate "2021.05.18"]
[PlyCount "43"]

1.e4 e5 2.Nf3 Nf6 3.Nxe5 Qe7 4.d4 d6 5.Nf3 Bg4 6.Bd3 Nxe4 7.O-O d5 8.Nbd2 
f5 9.Re1 Nd7 10.h3 Bh5 11.Nf1 O-O-O 12.Ng3 Bg6 13.Bg5 Ndf6 14.Ne5 Qb4 15.
Bxe4 dxe4 16.c3 Qxb2 17.Qa4 Qa3 18.Qc4 Bd6 19.Rab1 Rde8 20.Rxb7 Kxb7 21.
Qc6+ Kc8 22.Qa8# 1-0

[Event "16th Africa-ch"]
[Site "Lilongwe MAW"]
[Date "2021.05.19"]
[Round "2.23"]
[White "Mwale, George"]
[Black "Gwezere, Cecil"]
[Result "1-0"]
[WhiteElo "1982"]
[BlackElo "1624"]
[EventDate "2021.05.18"]
[PlyCount "55"]

1.e4 c5 2.Nf3 d6 3.Bc4 Nc6 4.d4 cxd4 5.Nxd4 Nf6 6.Nc3 g6 7.O-O Bg7 8.h3 
O-O 9.Be3 a6 10.Nxc6 bxc6 11.Bb3 Qc7 12.Qd2 Rd8 13.Rad1 Bb7 14.Bh6 Bh8 15.
Rfe1 Nd7 16.Be3 Nf6 17.Bg5 d5 18.exd5 cxd5 19.Bf4 Qd7 20.Na4 Qc6 21.Rxe7 
Ne4 22.Qb4 Rd7 23.Rxd7 Qxd7 24.Qxe4 Re8 25.Qb4 Bc6 26.Nb6 Qb7 27.Bxd5 Rd8 
28.Bxf7+ 1-0

[Event "16th Africa-ch"]
[Site "Lilongwe MAW"]
[Date "2021.05.19"]
[Round "2.24"]
[White "Njoroge, Martin"]
[Black "Awesome, John Aanuoluwapo"]
[Result "1-0"]
[WhiteElo "1965"]
[BlackElo "1424"]
[EventDate "2021.05.18"]
[PlyCount "69"]

1.d4 Nf6 2.c4 d5 3.Nc3 c5 4.cxd5 cxd4 5.Qxd4 Nc6 6.Qd1 Ne5 7.e4 a6 8.Bf4 
Ng6 9.Be3 Bd7 10.Rc1 b5 11.Bd3 Ne5 12.a3 Rc8 13.Nge2 g6 14.h3 Bg7 15.O-O 
O-O 16.Bd4 Nc4 17.Bxc4 Rxc4 18.b3 Rc8 19.e5 Ne8 20.Qd2 e6 21.d6 f6 22.f4 
Bh6 23.Be3 Ng7 24.Nd4 fxe5 25.fxe5 Bxe3+ 26.Qxe3 Qh4 27.Ne4 Nh5 28.Rxc8 
Rxc8 29.g4 Bc6 30.Nxc6 Rxc6 31.gxh5 Rc2 32.Rf4 Qd8 33.hxg6 hxg6 34.Nf6+ 
Kg7 35.Rh4 1-0

[Event "16th Africa-ch"]
[Site "Lilongwe MAW"]
[Date "2021.05.19"]
[Round "2.25"]
[White "Sihlongonyane, Sikhanyiso"]
[Black "Chimkute, Ronald"]
[Result "0-1"]
[WhiteElo "1619"]
[BlackElo "1955"]
[EventDate "2021.05.18"]
[PlyCount "60"]

1.e4 c6 2.d4 d5 3.exd5 cxd5 4.Bd3 Nc6 5.c3 Nf6 6.h3 Qb6 7.Nf3 Bd7 8.Nbd2 
e6 9.O-O Bd6 10.Re1 Rc8 11.Ne5 Ne7 12.Nxd7 Nxd7 13.Nf3 Nf6 14.Ne5 Nd7 15.
f4 g6 16.Kh1 a6 17.Qe2 Bb8 18.c4 dxc4 19.Bxc4 Nf5 20.Kh2 Nxd4 21.Nxd7 Kxd7
22.Rd1 Ke7 23.Qd3 Rhd8 24.Be3 Nf3+ 25.gxf3 Rxd3 26.Bxb6 Rxd1 27.Rxd1 Bxf4+
28.Kg2 Rxc4 29.Bd8+ Ke8 30.Bf6 Rc8 0-1